[Event "4NCL Division 2b"]
[Site "Telford, ENG"]
[Date "2017.03.04"]
[Round "7.88"]
[White "Smart, Michael R"]
[Black "Anilkumar, Anantha P"]
[Result "0-1"]
[WhiteElo "1982"]
[BlackElo "1878"]
[PlyCount "54"]
[EventDate "2017.03.04"]
[WhiteTeam "Guildford 3"]
[BlackTeam "KJCA Kings"]

1. e4 c5 2. Nf3 d6 3. d4 cxd4 4. Nxd4 Nf6 5. Nc3 g6 6. Be3 a6 7. Be2 Bg7 8. O-O
O-O 9. a4 Bd7 10. a5 Nc6 11. Nxc6 Bxc6 12. Bb6 Qc8 13. Nd5 Bxd5 14. exd5 Nd7
15. Bd4 Bxd4 16. Qxd4 Qxc2 17. Bg4 Qc5 18. Qd2 Nf6 19. Bf3 Rac8 20. Rfe1 Qc7
21. h4 Rfe8 22. h5 Kg7 23. Qg5 Qd7 24. Rac1 h6 25. Qe3 g5 26. Rxc8 Rxc8 27.
Qxe7 Re8 0-1

[Event "4NCL Division 2b"]
[Site "Telford, ENG"]
[Date "2017.03.04"]
[Round "7.74"]
[White "Brooks, Phil J"]
[Black "Shaw, Peter"]
[Result "1-0"]
[WhiteElo "2165"]
[BlackElo "2093"]
[PlyCount "99"]
[EventDate "2017.03.04"]
[WhiteTeam "Warwickshire Select 1"]
[BlackTeam "White Rose 2"]

1. d4 f5 2. c4 Nf6 3. Nc3 e6 4. e3 b6 5. Be2 Bb7 6. Bf3 Qc8 7. Bxb7 Qxb7 8. Nf3
Bb4 9. Bd2 O-O 10. O-O Bxc3 11. Bxc3 Ne4 12. Rc1 d6 13. Nd2 Nxc3 14. Rxc3 Nd7
15. Qb1 e5 16. d5 Qc8 17. e4 f4 18. b4 Qd8 19. f3 a5 20. a3 axb4 21. axb4 Ra4
22. Qb3 Qa8 23. Nb1 Ra1 24. Na3 Rxf1+ 25. Kxf1 Qa6 26. Rc1 Ra8 27. Nb5 Qb7 28.
Qb2 Kf7 29. Ra1 Ra6 30. Ra3 Nb8 31. Ke2 Rxa3 32. Qxa3 Qa6 33. Kd3 Qxa3+ 34.
Nxa3 Na6 35. Kc3 Ke7 36. Nb5 Kd8 37. Na7 Nb8 38. Nc6+ Nxc6 39. dxc6 Kc8 40. Kb3
Kb8 41. Ka4 g5 42. Kb5 Ka7 43. c5 bxc5 44. bxc5 dxc5 45. Kxc5 h6 46. h4 Ka6 47.
hxg5 hxg5 48. Kd5 Kb5 49. Kxe5 Kxc6 50. Kf6 1-0

[Event "4NCL Division 2b"]
[Site "Telford, ENG"]
[Date "2017.03.04"]
[Round "7.78"]
[White "Phillips, David"]
[Black "Lopez Cadenas, Nestor"]
[Result "0-1"]
[WhiteElo "1787"]
[BlackElo "1896"]
[PlyCount "68"]
[EventDate "2017.03.04"]
[WhiteTeam "Warwickshire Select 1"]
[BlackTeam "White Rose 2"]

1. d4 e6 2. e4 d5 3. exd5 exd5 4. Bd3 Bd6 5. c3 Ne7 6. Qc2 Nbc6 7. Be3 Be6 8.
Nd2 Qd7 9. Ngf3 Bf5 10. Bxf5 Nxf5 11. O-O O-O 12. Rfe1 Rae8 13. Qd3 Re7 14. Nf1
Rfe8 15. Bd2 Rxe1 16. Rxe1 Rxe1 17. Bxe1 Nce7 18. b3 Ng6 19. g3 c6 20. Kg2 Bc7
21. Ne3 Nd6 22. Ne5 Nxe5 23. dxe5 Ne4 24. f4 Bb6 25. c4 Nc5 26. Qd1 d4 27. Nf1
d3 28. b4 Ne4 29. c5 Bc7 30. Nd2 Nc3 31. Qb3 Nd5 32. Bf2 Qg4 33. Qc4 Qe2 34.
Nf3 Ne3+ 0-1